Dhavanibigyanar bhumika (Record no. 2418)
[ view plain ]
| 000 -LEADER | |
|---|---|
| fixed length control field | 00520cam a2200205ua 4500 |
| 001 - CONTROL NUMBER | |
| control field | 2567 |
| 005 - DATE AND TIME OF LATEST TRANSACTION | |
| control field | 20260515113526.0 |
| 008 - FIXED-LENGTH DATA ELEMENTS--GENERAL INFORMATION | |
| fixed length control field | 120209n ii |||gr||||Z||||||asm |
| 040 ## - CATALOGING SOURCE | |
| Transcribing agency | MAIN |
| 082 ## - DEWEY DECIMAL CLASSIFICATION NUMBER | |
| Classification number | 414.8 |
| 100 ## - MAIN ENTRY--PERSONAL NAME | |
| Personal name | Goswami, Gulok Chandra, |
| Relator term | Author. |
| 245 11 - TITLE STATEMENT | |
| Title | Dhavanibigyanar bhumika |
| Statement of responsibility, etc. | by Goluk Chandra Goswami |
| 250 ## - EDITION STATEMENT | |
| Edition statement | 2nd. |
| 260 ## - PUBLICATION, DISTRIBUTION, ETC. | |
| Place of publication, distribution, etc. | Guahati: |
| Name of publisher, distributor, etc. | Bani prakash,977. |
| 300 ## - PHYSICAL DESCRIPTION | |
| Extent | 160p: |
| Dimensions | 23cm. |
| 653 ## - INDEX TERM--UNCONTROLLED | |
| Uncontrolled term | Assamese language |
| 653 ## - INDEX TERM--UNCONTROLLED | |
| Uncontrolled term | language |
| 653 ## - INDEX TERM--UNCONTROLLED | |
| Uncontrolled term | Dhavanibigyanar bhumika |
| 942 ## - ADDED ENTRY ELEMENTS (KOHA) | |
| Koha item type | Books |
| Withdrawn status | Lost status | Damaged status | Not for loan | Home library | Current library | Shelving location | Date acquired | Total checkouts | Full call number | Barcode | Date last seen | Date last checked out | Copy number | Price effective from | Koha item type |
|---|---|---|---|---|---|---|---|---|---|---|---|---|---|---|---|
| Naharkatiya College Library | Naharkatiya College Library | General stacks | 09/19/2020 | 3 | 414.8 | GOS | 10170 | 06/26/2024 | 06/25/2024 | 1 | 09/19/2020 | Books | ||||
| Naharkatiya College Library | Naharkatiya College Library | General stacks | 09/19/2020 | 8 | 414.8 | GOS | 8138 | 10/21/2024 | 10/21/2024 | 2 | 09/19/2020 | Books |